| 000 | 00623nam a22002297a 4500 | ||
|---|---|---|---|
| 003 | OSt | ||
| 005 | 20220621041613.0 | ||
| 008 | 160802b xxu||||| |||| 00| 0 eng d | ||
| 020 | _a321716795 | ||
| 040 |
_aMMU _beng _cMMU _dMMU |
||
| 050 |
_aHB 172.5 _b.M53 2012 |
||
| 100 | _a Miller, Roger LeRoy | ||
| 245 |
_aThe economics of macro issues/ _c Roger LeRoy Miller. |
||
| 250 | _a5th ed. | ||
| 260 |
_aNew York : _b Pearson, _c2012. |
||
| 300 | _axiv, 202 p. : | ||
| 500 | _aIncludes index | ||
| 500 | _aIncludes index | ||
| 650 | _a_Macroeconomics | ||
| 700 | _aDaniel K. Benjamin | ||
| 942 |
_2lcc _cSHORTLOAN |
||
| 999 |
_c14919 _d14919 |
||